| 000 | 00577nam a22002057a 4500 | ||
|---|---|---|---|
| 001 | 00028654 | ||
| 005 | 20260326153022.0 | ||
| 008 | 260326b ag ||||| |||| 00| 0 spa d | ||
| 020 | _a9781848325852 | ||
| 040 |
_beng _cAR-CcCEOS |
||
| 041 | _aeng | ||
| 080 | _a982 | ||
| 090 | _bVON | ||
| 100 |
_aNicolaus Von Below _9976 |
||
| 245 |
_aAt Hitler“s Side : _bThe Memoirs of Hitler“s Luftwaffe Adjutant 1937-1945 / _cNicolaus Von Below |
||
| 264 |
_aGermany : _bHase & Koehler, _cc1980. |
||
| 300 |
_a256 p. ; _c24x15 cm. |
||
| 650 | 0 |
_ahistoria _990 |
|
| 942 |
_2udc _cBK _n0 |
||
| 999 |
_c28687 _d28687 |
||